000
00443nam a2200133Ia 4500
008
100328s9999 xx 000 0 und d
082
_b
41963
100
_a
खाडीलकर उषा
245
_a
सर्वांसाठी इंग्रजी
260
_b
मनोरमा
630
_a
सर्वांसाठी इंग्रजी
730
_a
सर्वांसाठी इंग्रजी
942
_c
BOOK
999
_c
530483
_d
530480